| 000 | 00370 a2200121 4500 | ||
|---|---|---|---|
| 001 | ART_46744 | ||
| 005 | 20260410161926.0 | ||
| 008 | 260409a | ||
| 245 | 1 | 0 | _aThe Effects of Expectations on Union Wages |
| 100 | 1 | _aKaufman, Roger T. | |
| 700 | 1 | _aWoglom, Geoffrey | |
| 773 | 0 |
_tThe American Economic Review _g- Vol. 74, NÂș 3 (jun. 1984) _wREV16190 |
|
| 999 |
_c28157 _d28157 |
||